000 00291nam a22001337a 4500
008 170316b xxu||||| |||| 00| 0 eng d
020 _a9780073378237
041 _aeng
080 _25 ED
_a611
100 _a7
101 _aSHM
245 _aANATOMY PHYSIOLOGY
_cGUNSTREAM
942 _2udc
_cBK
999 _c7973
_d7973